Oasis in the heart : (Record no. 11627)

000 -LEADER
fixed length control field 00447pam a2200181 a 4500
020 ## - INTERNATIONAL STANDARD BOOK NUMBER
ISBN 0834803305
040 ## - CATALOGING SOURCE
Transcribing agency DLC
082 00 - DEWEY DECIMAL CLASSIFICATION NUMBER
Classification number 821 WEA 1995 A092 Or.
100 1# - MAIN ENTRY--AUTHOR NAME
Personal name Horiuchi, Toshimi,
245 10 - TITLE STATEMENT
Title Oasis in the heart :
Remainder of title haiku with exposition /
250 ## - EDITION STATEMENT
Edition statement 1st ed.
260 ## - PUBLICATION, DISTRIBUTION, ETC. (IMPRINT)
Place of publication New York :
Name of publisher Weatherhill,
Year of publication 1995.
300 ## - PHYSICAL DESCRIPTION
Number of Pages xxviii, 124 p. ;
Dimensions 21 cm.
650 #0 - SUBJECT ADDED ENTRY--TOPICAL TERM
Topical Term Haiku, American.
650 #0 - SUBJECT ADDED ENTRY--TOPICAL TERM
Topical Term Nature
650 #0 - SUBJECT ADDED ENTRY--TOPICAL TERM
Topical Term Haiku
942 ## - ADDED ENTRY ELEMENTS (KOHA)
Koha item type សៀវភៅភាសាអង់គ្លេស
952 ## - LOCATION AND ITEM INFORMATION (KOHA)
Withdrawn status [LOCAL, KOHA] 0
Holdings
Permanent Location Date acquired Koha item type Lost status Shelving location Barcode Current Location Full call number
Library Block A2017-08-04សៀវភៅភាសាអង់គ្លេស A094A15858Library Block A821 WEA 1995 A094 Or.
មជ្ឈមណ្ឌលឯការនៃសាកលវិទ្យាល័យភូមិន្ទកសិកម្មចំការដូង

Powered by Koha